| 000 | 00844cam a22002893a 4500 | ||
|---|---|---|---|
| 001 | 23706 | ||
| 003 | PGUSA | ||
| 005 | 20140828083515.0 | ||
| 008 | 071201s2007||||xxu|||||s|||||000 1 eng d | ||
| 040 |
_aPGUSA _beng |
||
| 042 | _adc | ||
| 050 | 4 | _aPR | |
| 100 | 1 |
_aBuchan, John, _d1875-1940 |
|
| 245 | 1 | 0 |
_aGreenmantle _h[electronic resource] / _cJohn Buchan |
| 260 |
_bProject Gutenberg, _c2007 |
||
| 500 | _aFollows 39 Steps | ||
| 506 | _aPublic domain in the USA. | ||
| 516 | _aElectronic text | ||
| 653 | _aIntelligence service -- Great Britain -- Fiction | ||
| 653 | _aHannay, Richard (Fictitious character) -- Fiction | ||
| 653 | _aWorld War, 1914-1918 -- Fiction | ||
| 653 | _aWar stories | ||
| 653 | _aSpy stories | ||
| 830 | 0 |
_aProject Gutenberg _v23706 |
|
| 856 | 4 | 0 | _uhttp://www.gutenberg.org/ebooks/23706 |
| 942 | _cEB | ||
| 999 |
_c252961 _d252961 |
||